000 00627nam a2200205 i 4500
001 bgj
100 1 _aENGLER, Nick
245 1 0 _aClosets, chests, and boxes /
_ccollected and written by Nick Engler.
260 _aEmmaus, Pa :
_bRodale Press,
_cc. 1990.
300 _aIII, 124 pp :
_bill. ;
_c29 cm.
490 1 _aBuild-It-Better-Yourself Woodworking Projects
650 9 _aCabinet-work
_xStorage in the home
830 _aBuild-It-Better-Yourself Woodworking Projects
020 _a0878579478
040 _cBPK
041 0 _aeng
920 _a0-87857-947-8
942 _cKS
008 s uk f |000 0 eng
999 _c47563
_d47563
856 _uhttp://koha.tu.koszalin.pl/cgi-bin/koha/opac-detail.pl?biblionumber=47563
_yKatalog online BPK